| 000 | 01024cam a2200325 a 4500 | ||
|---|---|---|---|
| 001 | 2374 | ||
| 003 | FISKH | ||
| 005 | 20231121091431.0 | ||
| 008 | 120110s2012 nyua b 000 1 eng c | ||
| 010 | _a 2012000801 | ||
| 020 | _a9780545312844 | ||
| 040 |
_aZQP/DLC _cZQP _dDLC _beng |
||
| 042 |
_apcc _alcac |
||
| 050 | 0 | 0 |
_aPZ7.A7379 _bThm 2012 |
| 082 | 0 | 0 |
_a813.6 _223 |
| 100 | 1 | _aArnold, Tedd | |
| 245 | 1 | 0 |
_aThere's a Fly Guy in my soup / _cTedd Arnold |
| 260 |
_aNew York : _bCartwheel Books : _c2012. |
||
| 300 |
_a30 pages : _bcolor illustrations ; _c23 cm |
||
| 490 | 1 |
_aFly Guy ; _vBook 12 |
|
| 520 | _aWhen Fly Guy is not allowed in the restaurant with Buzz's family he follows his nose and ends up in the soup. | ||
| 521 | 8 |
_a460
_bLexile |
|
| 521 | 8 |
_aJ
_bRaz-Plus |
|
| 650 | 0 |
_aRestaurants _vJuvenile fiction. |
|
| 650 | 0 |
_aFlies _vJuvenile fiction. |
|
| 650 | 1 |
_aRestaurants _vFiction. |
|
| 650 | 1 |
_aFlies _vFiction. |
|
| 906 |
_a7 _bcbc _corignew _d1 _eecip _f20 _gy-gencatlg |
||
| 942 |
_2ddc _cBK _n0 |
||
| 999 |
_c2374 _d2374 |
||